| Поле | Инд. | ПП | Название | Значение |
|---|---|---|---|---|
| Тип записи | a | |||
| Библиографический уровень | a | |||
| 001 | Контрольный номер | 6d4796f573204d1ca3da3fd1c1b61a25 | ||
| 005 | Дата корректировки | 20200407131657.1 | ||
| 100 | a | Данные общей обработки | 20180530 ||| 0rusy0189 ca | |
| 101 | 0_ | a | Язык текста | rus |
| 102 | a | Страна публикации | RU | |
| 200 | 1_ | f | Первые сведения об ответственности | Д.А. Гарбатович |
| a | Заглавие | Непреступные уголовные деяния в российском праве XVI в. | ||
| 210 | d | Дата издания | 2018 | |
| 461 | _0 | 1 | 2000 | |
| a | Администратор суда | |||
| 463 | _0 | 1 | 2000 | |
| a | №1 | |||
| v | С. 35-37 | |||
| 1 | 2101 | |||
| d | 2018 | |||
| 1 | 001e0b9e41053d8439f9f622f85fc468e0b | |||
| 606 | a | Основная рубрика | Право. Юридические науки | |
| x | Основная подрубрика | Уголовное право | ||
| 610 | 0_ | a | Ключевые слова | ПРЕСТУПЛЕНИЯ ПРОТИВ ЛИЧНОСТИ; НАКАЗАНИЕ; ОСВОБОЖДЕНИЕ ОТ УГОЛОВНОЙ ОТВЕТСТВЕННОСТИ |
| 700 | _1 | a | Фамилия | Гарбатович |
| b | Имя | Д.А. | ||
| 801 | _0 | a | Страна | RU |
| b | Организация | РГУП | ||
| c | Дата составления | 20180530 | ||
| g | Правила каталогизации | PSBO | ||
| 801 | _1 | a | Страна | RU |
| b | Организация | РГУП | ||
| c | Дата составления | 20180530 | ||
| g | Правила каталогизации | PSBO | ||
| 901 | t | Тип документа | b | |
| w | Контрольный № источника | e0b9e41053d8439f9f622f85fc468e0b | ||
| 905 | a | Дата ввода | 20180530 |